000 00476nam a2200181Ia 4500
003 GCL
008 140319s9999 xx 000 0 ara d
040 _aGCL /
_cGCL
082 0 4 _a658
_bم ا
100 1 _aمحمد سويلم
245 1 0 _aاساسيات الادارة /
_cمحمد سويلم
260 _a[S.N] :
_bدار وهدان ،
_c1991
300 _a400 ص
490 _a
650 0 4 _aادارة الاعمال
650 0 4 _aالادارة
942 _2ddc
_cBK
999 _c54041
_d54041